| 000 | 01446cam a2200253 4500 | ||
|---|---|---|---|
| 001 | WB3826-05 | ||
| 008 | 020716n2002 000 0 eng u | ||
| 035 | _a(Sirsi) u118847 | ||
| 245 | _aWaters and others v Welsh Development Agency | ||
| 260 | _c2002 | ||
| 490 |
_aEstates Gazette _v[2002] 28 EG 126 (CS) (28/6/02) |
||
| 490 |
_aJournal of Planning and Environment Law _v[2002] JPL 14811509(29) |
||
| 520 | _a"Waters and others v Welsh Development Agency" CA 28 June 2002. Appeal against LT decision that the value of land compulsorily acquired for use as a nature reserve should be determined ignoring any ransom value the land might have had as a consequence of the reasons for its acquisition. Held: appeal dismissed. Full copy of judgement available on Court Service website http://www.courtservice.gov.uk/judgmentsfiles/j1246/Melville_and__Waters_v_Wels_Development_Agency.htm | ||
| 590 | _aWB | ||
| 650 | _aPOINTE GOURDE QUARRYING AND TRANSPORT CO LTD V CROWN LANDS SUPERINTENDENT | ||
| 650 | _aRANSOM VALUE | ||
| 650 | _aNATURE RESERVES | ||
| 650 | _aCARDIFF BAY BARRAGE | ||
| 650 | _aGAJAPATIRAJU V RDO VIZAGAPATAM | ||
| 650 | _aWATERS AND OTHERS V WELSH DEVELOPMENT AGENCY | ||
| 690 | _aENVIRONMENTAL AND LAND CONSULTANCY-PLANNING AND DEVELOPMENT-COMPULSORY PURCHASE AND COMPENSATION | ||
| 856 | _uhttps://www.courtservice.gov.uk/judgmentsfiles/j1246/Melville_and__Waters_v_Wels_Development_Agency.htm | ||
| 942 | _n0 | ||
| 999 |
_c70735 _d70735 |
||